| 000 | 00801nam a22002177a 4500 | ||
|---|---|---|---|
| 999 |
_c15842 _d15842 |
||
| 003 | AR-CdUCM | ||
| 008 | 190430b ||||| |||| 00| 0 spa d | ||
| 040 |
_aMUNICIPALIDAD PROVINCIAL DEL CUSCO _cBIBLIOTECA MUNICIPAL DEL CUSCO |
||
| 082 |
_a803.08 / _bAP64 / 1923 |
||
| 110 |
_aApostolado de la prensa _935041 |
||
| 245 | _aCuentos Morales / | ||
| 260 |
_aMadrid : _bSan Bernardo, _c1923. |
||
| 300 |
_a59 paginas ; _bIlustraciones, _c25 cm. |
||
| 505 | _aContenido : Un 13 de septiembre histórico -- La piedra y el lago -- Pecado y el lago -- Pecado y penitencia -- El perfecto socialista -- La prueba de la experiencia. | ||
| 650 |
_aReligión _91195 |
||
| 650 |
_aPecado _935042 |
||
| 650 |
_aPerdón _935043 |
||
| 650 |
_aIgualdad _92595 |
||
| 942 |
_2ddc _cLIBROS |
||
| 945 |
_awnts _d2019-04-30 |
||